书目信息 |
| 题名: |
时代的早晨
|
|
| 作者: | 魏来 主编 | |
| 分册: | ||
| 出版信息: | 上海 上海人民美术出版社 2008.04 |
|
| 页数: | 328页 | |
| 开本: | 31cm | |
| 丛书名: | ||
| 单 册: | ||
| 中图分类: | J524-54 | |
| 科图分类: | ||
| 主题词: | 实用美术--shi yong mei shu--设计--中国--现代--年鉴 | |
| 电子资源: | ||
| ISBN: | 978-7-5322-5301-2 | |
| 000 | 01118nam0 2200253 450 | |
| 001 | 012009584510 | |
| 005 | 20090926113500.35 | |
| 010 | @a978-7-5322-5301-2@dCNY380.00 (含光盘) | |
| 100 | @a20090926d2008 em y0chiy0120 ea | |
| 101 | 0 | @achi |
| 102 | @aCN@b310000 | |
| 105 | @aa z 000yy | |
| 106 | @ar | |
| 200 | 1 | @a时代的早晨@Ashi dai de zao chen@e2008年早晨设计年鉴@d= Time morning@e2008 morning design annual@f魏来主编@Fwei lai zhu bian@zeng |
| 210 | @a上海@c上海人民美术出版社@d2008.04 | |
| 215 | @a328页@c图@d31cm@e光盘1片 | |
| 330 | @a本书是早晨设计2008年的设计年鉴,书中囊括了早晨设计团队在这两年中为各企事业机构设计的作品,覆盖了品牌设计、影视营销形象设计、房地产营销形象设计、空间环境和导示系统设计、数码视觉设计、书籍设计和出版、产品设计等所有商务设计领域,内容全面而实用。 | |
| 510 | 1 | @aTime morning@e2008 morning design annual@zeng |
| 517 | 1 | @a2008年早晨设计年鉴@A2008 nian zao chen she ji nian jian |
| 606 | 0 | @a实用美术@Ashi yong mei shu@x设计@y中国@z现代@j年鉴 |
| 690 | @aJ524-54@v4 | |
| 701 | 0 | @a魏来@Awei lai@4主编 |
| 801 | 0 | @aCN@bQSSK@c20090926 |
| 905 | @b758736@dJ524-54@eW592@f1 | |
| 时代的早晨:2008年早晨设计年鉴= Time morning:2008 morning design annual/魏来主编.-上海:上海人民美术出版社,2008.04 |
| 328页:图;31cm+光盘1片 |
| ISBN 978-7-5322-5301-2:CNY380.00 (含光盘) |
| 本书是早晨设计2008年的设计年鉴,书中囊括了早晨设计团队在这两年中为各企事业机构设计的作品,覆盖了品牌设计、影视营销形象设计、房地产营销形象设计、空间环境和导示系统设计、数码视觉设计、书籍设计和出版、产品设计等所有商务设计领域,内容全面而实用。 |
| ● |
| 相关链接 |
|
|
|
正题名:时代的早晨
索取号:J524-54/W592
 
预约/预借
| 序号 | 登录号 | 条形码 | 馆藏地/架位号 | 状态 | 备注 |
| 1 | 758736 | 207587360 | 社科库309/309社科库 86排1列5层/ [索取号:J524-54/W592] | 在馆 |